000 00770nam a2200217Ii 4500
003 JO-AjNU
008 230605s9999||||xx |||||||||||||| ||und||
017 _a1991/11/604
040 _aJO-AjNU
_bara
_erda
_cJO-AjNU
041 _aara
050 1 4 _aBP80.T30.T3592.1991
100 3 _aالتميمي،نادر,
_eauthor
_920699
245 0 0 _aالصحابي تميم بن أوس الداري وعلاقته بالأرض المقدسة
250 _aط1
264 3 1 _aعمان:دار الابداع للنشر والتوزيع ،1991
300 _a166ص
336 _atext
_btxt
_2rdacontent
337 _aunmediated
_bn
_2rdamedia
338 _avolume
_bnc
_2rdacarrier
650 4 _aالصحابة والتابعون-تراجم-تميم بن اوس الداري
_920700
999 _aA7065
_c10633
_d10633